000
00338nam a2200133Ia 4500
008
240624s9999 xx 000 0 und d
041
_a
eng
082
_a
823 TEJ
100
_a
TEJPAL TARUN J
245
_a
STORY OF MY ASSASSINS
260
_c
2009
_a
New Delhi
_b
HarperCollins Publishers
300
_a
522 : p. : cm. ; 22
365
_c
RS
_b
20
999
_c
12683
_d
12683